| 000 | 00318 a2200133 4500 | ||
|---|---|---|---|
| 001 | 88446 | ||
| 082 | _aPR 661 | ||
| 090 |
_c41871 _d41871 |
||
| 100 | _aS Khalid Bin Manzur | ||
| 245 | _aProject Report | ||
| 260 |
_aKarachi _bUniversity of Karachi _c1971 |
||
| 300 | _a30p. | ||
| 500 | _aBE Project Reports | ||
| 942 |
_aUniversity of Karachi _kPR 661 |
||
| 999 |
_c323519 _d323519 |
||